00883cam a2200253 a 4500999001500000001000800015003000600023005001700029008004100046010001700087020002200104040001800126050002300144082001700167100002800184245007100212260005300283300002900336504005100365650003100416906004500447942001500492952012200507 c2995d29954978730GBCCL20241126110444.0980203s1998 miua b 001 0 eng  a 98010292  a0825431891 (pbk.) aDLCcDLCdDLC00aBV601.8b.M32 199800a253221bMAL1 aMalphurs, Aubrey.9623710aDeveloping a dynamic mission for your ministry /cAubrey Malphurs. aGrand Rapids, MI :bKregel Publications,cc1998. a140 p. :bill. ;c22 cm. aIncludes bibliographical references and index. 0aMission of the church.950 a7bcbccorignewd1eocipf19gy-gencatlg 2ddccBK01 00102ddc4070aGBCbGBCcMNMSd2017-10-11l1o253 MALp009871r2025-05-01 00:00:00s2021-03-09tc.1w2017-10-11yBK